000 00498nam a2200181Ia 4500
003 OSt
005 20220317133604.0
008 211109s9999||||xx |||||||||||||| ||und||
040 _csbcl
082 _a378.1662
_bUNI-E
100 _aUniversity Of Madras,
245 0 _aExamination Papers Set In 1913
260 _bAss: of Indian Universities
_aMADRAS
_c1900
300 _a160p.
630 _xReference Reading Room
650 _aHigher education
_vExamination
_xEducationGeneralia
942 _cBOOK
999 _c69307
_d69307